000 00748nam a2200193 i 4500
001 180456
003 ES-MaACL
005 20230906221112.0
008 120606s1971 sp |||| | spa d
080 _a575.41(043.2)
100 1 _aRubio Cardiel, Julián.
_9100394
245 1 0 _aSelección estabilizadora y canalización en las quetas de drosophila /
_cpor Julián Rubio Cordiel.
260 _aBarcelona :
_bUniversidad de Barcelona, Secretariado de Publicaciones, Intercambio Científico y Extensión Universitaria,
_c1971.
300 _a46 p. :
_bgrab. ;
_c24 cm.
502 _aTesis-Universidad Barcelona (Extracto)
650 0 4 _aSelección natural.
_917030
710 2 _aUniversidad de Barcelona.
_97141
852 _aES-MaACL
_jE-15362(51)
999 _c180456
_d180456